| 000 | 00725nam a2200169Ia 4500 | ||
|---|---|---|---|
| 999 |
_c21292 _d21292 |
||
| 082 | _aTD.0305 | ||
| 100 | _aDas, Megha | ||
| 245 | 0 | _aStudy of mental awareness and attitude of elementary school students, their teacher and parents of Sagar District towards food nutrition health education and environmental sanitation | |
| 260 |
_c2008 _bHarisingh Gour Viswavidyalaya, Sagar |
||
| 504 | _aincludes bibliography | ||
| 650 |
_aSchool children _vFood _zIndia _zSagar District |
||
| 650 |
_aSchool children _vHealth and hygiene _zIndia _zSagar District |
||
| 650 |
_aSchool children _vMental health _zIndia _zSagar District |
||
| 650 |
_aElementary school teachers _zIndia _zSagar District |
||
| 710 | _aRani Dudey | ||
| 942 |
_cTH _2ddc |
||